Centroamerica: condiciones para su integración /

محفوظ في:
التفاصيل البيبلوغرافية
المؤلف الرئيسي: Alfaro, José Miguel
مؤلفون آخرون: Camacho Monge, Daniel, Madrigal, Rodrigo, al
التنسيق: نص
منشور في: San José: FLACSO
الطبعة:0
الوسوم: إضافة وسم
لا توجد وسوم, كن أول من يضع وسما على هذه التسجيلة!

MARC

LEADER 00000 a a2200000 04500
001 23419
003
040
020 |a 84-89401-03-9  
022 |a 84-89401-03-9  
090 |a 162100  
100 |a Alfaro, José Miguel  
245 |a Centroamerica: condiciones para su integración /  |c José Miguel Alfaro 
250 |a 0  
260 |a San José:   |b FLACSO  
300 |a 168 p  
300 |b **no definido**  
700 |a Camacho Monge, Daniel  
700 |a Madrigal, Rodrigo  
700 |a al  
999 |c 3015  |d 3015